Statistiques concernant Préfecture des départements français - Carte

Cliquez ici pour prendre le quiz!

Statistiques générales

  • Ce quiz a été pris 6 962 fois
    (6 954 depuis la dernière actualisation)
  • Le résultat moyen est 79 sur 101

Réponses sur la Carte

Les réponses sont colorées sur une échelle allant du rouge au vert en fonction du pourcentage des utilisateurs qui les ont devinées à leur premier essai. Vous pouvez retrouver ces pourcentages ci-dessous.
 

Statistiques - réponses

Départements% Correct
59Lille
97%
75Paris
97%
33Bordeaux
96%
69Lyon
96%
13Marseille
96%
6Nice
96%
67Strasbourg
96%
35Rennes
95%
44Nantes
94%
31Toulouse
94%
2AAjaccio
93%
34Montpellier
93%
2BBastia
92%
14Caen
91%
85La Roche-sur-Yon
91%
21Dijon
90%
38Grenoble
90%
66Perpignan
90%
76Rouen
90%
83Toulon
90%
29Quimper
89%
63Clermont-Ferrand
88%
57Metz
88%
54Nancy
88%
45Orléans
88%
42Saint-Etienne
88%
74Annecy
87%
80Amiens
86%
90Belfort
86%
1Bourg-en-Bresse
86%
30Nîmes
86%
64Pau
86%
974Saint-Denis
86%
37Tours
86%
78Versailles
86%
17La Rochelle
85%
72Le Mans
85%
49Angers
84%
68Colmar
83%
56Vannes
83%
73Chambéry
82%
84Avignon
81%
11Carcassonne
81%
87Limoges
81%
86Poitiers
81%
25Besançon
80%
5Gap
79%
26Valence
79%
22Saint-Brieuc
78%
973Cayenne
77%
50Saint-Lô
77%
62Arras
76%
89Auxerre
76%
972Fort-de-France
76%
53Laval
76%
10Troyes
76%
40Mont-de-Marsan
75%
79Niort
75%
60Beauvais
73%
18Bourges
73%
8Charleville-Mézières
73%
28Chartres
73%
16Angoulême
72%
92Nanterre
72%
12Rodez
72%
19Tulle
72%
36Châteauroux
71%
94Créteil
71%
91Evry
71%
58Nevers
71%
24Périgueux
71%
15Aurillac
70%
41Blois
70%
27Evreux
70%
9Foix
70%
81Albi
69%
2Laon
69%
77Melun
69%
7Privas
69%
65Tarbes
69%
51Châlons-en-Champagne
68%
88Epinal
68%
3Moulins
68%
47Agen
67%
93Bobigny
67%
71Mâcon
67%
95Pontoise
67%
61Alençon
66%
4Digne
66%
43Le Puy-en-Velay
66%
82Montauban
66%
976Mamoudzou
64%
48Mende
64%
32Auch
63%
23Guéret
63%
46Cahors
62%
971Basse-Terre
61%
39Lons-le-Saunier
60%
55Bar-le-Duc
59%
70Vesoul
58%
52Chaumont
53%

Distribution des résultats

Percentile par nombre de réponses

% des personnes avec chaque résultat

Votre développement - résultats

Vous n’avez pas pris ce quiz depuis la dernière actualisation